Introduction to psychology : (Record no. 19609)

MARC details
000 -LEADER
fixed length control field 00708nam a22002532 4500
001 - CONTROL NUMBER
control field 0000009303
003 - CONTROL NUMBER IDENTIFIER
control field OSt
005 - DATE AND TIME OF LATEST TRANSACTION
control field 20220930125247.0
008 - FIXED-LENGTH DATA ELEMENTS--GENERAL INFORMATION
fixed length control field 080922s xx 000 0 eng d
020 ## - INTERNATIONAL STANDARD BOOK NUMBER
International Standard Book Number 0357371399
040 ## - CATALOGING SOURCE
Original cataloging agency KABU
Transcribing agency KABU
050 ## - LIBRARY OF CONGRESS CALL NUMBER
Classification number BF121
Item number .C66 2022
100 1# - MAIN ENTRY--PERSONAL NAME
Personal name Coon, Dennis.
245 10 - TITLE STATEMENT
Title Introduction to psychology :
Remainder of title gateways to mind and behavior /
Statement of responsibility, etc. Dennis Coon, John Mitterer & Tanya Martini
250 ## - EDITION STATEMENT
Edition statement 16th ed.
260 ## - PUBLICATION, DISTRIBUTION, ETC. (IMPRINT)
Place of publication, distribution, etc. Australia
Name of publisher, distributor, etc. Cengage
Date of publication, distribution, etc. 2022
300 ## - PHYSICAL DESCRIPTION
Extent xxvi, 705p.
650 #0 - SUBJECT ADDED ENTRY--TOPICAL TERM
Topical term or geographic name as entry element Psychology.
700 1# - ADDED ENTRY--PERSONAL NAME
Personal name Mitterer, John
700 1# - ADDED ENTRY--PERSONAL NAME
Personal name Martini, Tanya
908 ## - PUT COMMAND PARAMETER (RLIN)
Put command parameter 080922
942 ## - ADDED ENTRY ELEMENTS (KOHA)
Source of classification or shelving scheme Library of Congress Classification
Koha item type General Collection
Holdings
Withdrawn status Lost status Source of classification or shelving scheme Not for loan Home library Current library Date acquired Cost, normal purchase price Total Checkouts Full call number Barcode Date last seen Price effective from Koha item type Total Renewals Date last checked out
    Library of Congress Classification   Kabarak, Main Campus Kabarak, Main Campus 30/09/2022 6262.00   BF121 .C66 2022 c.1 032651 02/08/2024 30/09/2022 General Collection    
    Library of Congress Classification   Kabarak, Nakuru City Campus Kabarak, Main Campus 30/09/2022 6262.00 6 BF121 .C66 2022 c.1 032657 08/08/2025 30/09/2022 General Collection 1 02/07/2025
    Library of Congress Classification   Kabarak, Main Campus Kabarak, Main Campus 30/09/2022 6262.00 2 BF121 .C66 2022 c.2 032654 30/01/2026 30/09/2022 General Collection   15/01/2026
    Library of Congress Classification   Kabarak, Main Campus Kabarak, Main Campus 30/09/2022 6262.00   BF121 .C66 2022 c.3 032656 02/08/2024 30/09/2022 General Collection    
Designed with assistance from East African Informatics Ltd